000 00592nam a22002537a 4500
003 UA-OsUOA
001 27198
007 ta
008 20040618b un ||||| |||| 00| 0 ukr d
100 _aПлотніков О.В.
090 _a330.34
_bП39
942 _cBK
040 _aUA-OsUOA
_bukr
_cUA-OsUOA
_dUA-OsUOA
245 _aUltima ratio економічних реформ
300 _a240 с.
955 _a0
041 _aukr
080 _a330.34
020 _a966-82-51-18-0
260 _aКиїв
_bКондор
_c2003
044 _aUA
650 7 _2UDC
999 _c313540
_d313540